000 00815nam a2200217 i 4500
001 20564
003 ES-MaACL
005 20230906152327.0
007 t|
008 021114s1946 mx ||||1| spa d
100 1 _aAcevedo, Fernando de.
_918234
245 1 0 _aSociología de la educación
_b: introducción al estudio de los fenómenos pedagógicos y de sus relaciones con los demás fenómenos sociales /
_cFernando de Azevedo.
250 _a[2ª ed. en español rev.].
260 _aMéxico :
_bFondo de Cultura Económica,
_c[1946] (
_fGráf. Panamericana)
300 _a454 p. ;
_c24 cm.
490 1 _aSección de obras de sociología
710 2 _aFondo de Cultura Económica.
_94141
830 0 _aSección de obras de sociología
_9179836
852 _aES-MaACL
_jF-5159
_bR.26705
999 _c20564
_d20564